ORGANCE CHEMISTRY-||| (Record no. 7236)

MARC details
000 -LEADER
fixed length control field 00302nam a2200133Ia 4500
008 - FIXED-LENGTH DATA ELEMENTS--GENERAL INFORMATION
fixed length control field 150301s2015 xx 000 0 und d
082 ## - DEWEY DECIMAL CLASSIFICATION NUMBER
Classification number 615.19
Item number O12M
100 ## - MAIN ENTRY--PERSONAL NAME
Personal name S.M MUKHERJEE
245 ## - TITLE STATEMENT
Title ORGANCE CHEMISTRY-|||
260 ## - PUBLICATION, DISTRIBUTION, ETC. (IMPRINT)
Name of publisher, distributor, etc. NEW AGE INT.
300 ## - PHYSICAL DESCRIPTION
Extent 350
650 ## - SUBJECT ADDED ENTRY--TOPICAL TERM
Topical term or geographic name as entry element CHEMISTRY
942 ## - ADDED ENTRY ELEMENTS (KOHA)
Source of classification or shelving scheme Dewey Decimal Classification
Koha item type Books
Holdings
Withdrawn status Lost status Source of classification or shelving scheme Damaged status Not for loan Collection code Home library Current library Shelving location Date acquired Source of acquisition Cost, normal purchase price SGTU Bill Number Full call number Barcode Date last seen Bill Date Koha item type
    Dewey Decimal Classification     PHARMACY SGT FA-FP Library SGT FA-FP Library Reference Book 02/07/2015 ABC DELHI 299.00 SGTU 5118 615.19 O12M FP737 02/07/2015 12/02/2014 Books